Loading...
Current Events/Geography | 1 | 10.00 | 100% | 0% | 0% |
Fine Arts - Classical Music | 5 | 8.00 | 60% | 0% | 20% |
Fine Arts - Other Fine Arts | 2 | 20.00 | 100% | 50% | 50% |
Fine Arts - Visual Fine Arts | 4 | 7.50 | 75% | 0% | 0% |
History - American History | 6 | 10.00 | 83% | 17% | 0% |
History - European History | 3 | 10.00 | 67% | 33% | 0% |
History - Other History | 5 | 16.00 | 100% | 40% | 20% |
History - World History | 5 | 4.00 | 40% | 0% | 0% |
Literature - American Literature | 4 | 12.50 | 75% | 50% | 0% |
Literature - British Literature | 5 | 10.00 | 80% | 20% | 0% |
Literature - European Literature | 3 | 16.67 | 100% | 67% | 0% |
Literature - World/Other Literature | 3 | 10.00 | 100% | 0% | 0% |
Mythology | 7 | 15.71 | 100% | 43% | 14% |
Other Academic | 2 | 5.00 | 50% | 0% | 0% |
Philosophy | 4 | 7.50 | 75% | 0% | 0% |
Religion | 6 | 11.67 | 83% | 33% | 0% |
Science - Biology | 5 | 8.00 | 80% | 0% | 0% |
Science - Chemistry | 4 | 5.00 | 50% | 0% | 0% |
Science - Other Science | 4 | 5.00 | 50% | 0% | 0% |
Science - Physics | 4 | 2.50 | 25% | 0% | 0% |
Social Science | 6 | 10.00 | 67% | 33% | 0% |